100 Biggest Cities in Utah on a Map - Statistics

General Stats
  • This quiz has been taken 114 times
  • The average score is 44 of 100
Answers on the Map
Answers color-coded by a green-red scale on the quiz's map according to % correct below.
 
Answer Stats
Population City % Correct
199,723 Salt Lake City
98%
115,162 Provo
94%
87,321 Ogden
92%
95,342 St. George
92%
140,230 West Valley City
90%
52,778 Logan
88%
98,129 Orem
88%
116,961 West Jordan
88%
77,487 South Jordan
85%
96,904 Sandy
81%
35,235 Cedar City
79%
5,366 Moab
79%
8,396 Park City
75%
81,773 Layton
73%
75,907 Lehi
71%
42,602 Spanish Fork
69%
60,448 Taylorsville
69%
10,079 Vernal
67%
27,993 Washington
67%
43,623 Eagle Mountain
63%
50,637 Murray
63%
26,777 South Salt Lake
63%
35,742 Tooele
63%
45,762 Bountiful
60%
37,696 Saratoga Springs
60%
33,337 American Fork
58%
55,144 Herriman
58%
20,036 Hurricane
58%
63,380 Millcreek
58%
21,907 North Salt Lake
58%
51,017 Draper
56%
4,683 Kanab
56%
16,856 Heber
52%
20,916 North Ogden
52%
17,488 South Ogden
52%
36,723 Kearns
50%
6,443 Nephi
50%
45,285 Riverton
48%
29,251 Magna
44%
8,201 Richfield
44%
19,650 Brigham City
42%
10,986 North Logan
42%
21,101 Payson
42%
37,726 Pleasant Grove
40%
8,216 Price
40%
9,298 Salem
40%
10,251 Alpine
38%
24,531 Farmington
38%
7,553 Santa Clara
38%
13,725 Santaquin
38%
33,617 Cottonwood Heights
35%
5,611 Ephraim
35%
12,617 Grantsville
35%
19,348 Highland
35%
8,978 Ivins
35%
32,945 Kaysville
35%
11,397 Lindon
35%
6,003 Midway
35%
6,747 Roosevelt
35%
32,141 Syracuse
35%
12,543 Vineyard
35%
17,014 Bluffdale
33%
7,374 Enoch
33%
11,365 Mapleton
33%
36,028 Midvale
33%
35,268 Springville
33%
31,909 Clearfield
31%
4,354 La Verkin
31%
39,306 Roy
31%
9,851 Stansbury Park
31%
9,894 Tremonton
31%
9,267 Washington Terrace
31%
5,522 White City
29%
10,019 Cedar Hills
27%
7,691 Farr West
27%
31,965 Holladay
27%
4,687 Elk Ridge
25%
5,917 West Bountiful
25%
16,884 Centerville
23%
23,386 Clinton
23%
5,234 Hyde Park
23%
13,571 Smithfield
23%
10,963 West Point
23%
7,036 Harrisville
21%
9,362 Hyrum
21%
9,343 Riverdale
21%
6,744 Snyderville
21%
8,820 Summit Park
21%
16,739 West Haven
21%
11,410 Woods Cross
21%
6,101 Fruit Heights
19%
5,555 Perry
19%
7,833 Plain City
19%
11,083 Pleasant View
19%
8,218 Providence
19%
7,867 South Weber
19%
5,475 Sunset
19%
9,087 Hooper
17%
7,328 Nibley
17%
4,231 Mountain Green
13%
No matching quizzes found
Score Distribution
Percent of People with Each Score
Percentile by Number Answered
Your Score History
You have not taken this quiz